Loading...

PERFORMING ARTISTES IN ANCIENT INDIA

Bibliographic Details
Main Author: IRAVATI
Format: Printed Book
Published: DELHI D K PRINTWORLD 2003
Subjects:
ART
LEADER 00643nam a2200229 4500
020 |a 8124602077  |c 950.0 
082 |a 704.54 IRA 
100 |a IRAVATI 
245 |a PERFORMING ARTISTES IN ANCIENT INDIA  |h ENGLISH 
250
260 |a DELHI  |b D K PRINTWORLD  |c 2003 
300 |a 292 p  |f HB 
500 |a   
501 |a General 
538
590
630 |a ART 
650 |a PERFORMING ARTISTES IN ANCIANT INDIA 
700
942 |c BK 
999 |c 177926  |d 177926 
952 |0 0  |1 0  |4 0  |6 704_540000000000000_IRA  |7 0  |9 191290  |a AGY  |b AGY  |g 950.00  |l 0  |o 704.54 IRA  |p AGY2134  |r 2019-10-25  |w 2019-10-25  |y BK